000 01076nam0a22003251 4500
001 RU\NLR\INFOCOMM_116\5000075570
005 20250613095359.0
035 _a(NLR Aleph) 009293366
090 _a9233952
_c9233952
100 _a20101001d1980 |||y0rusy50 ca
101 0 _aeng
102 _aRU
105 _aa ||||000|y
200 1 _aMetal superheating in arc melting
_fProf., Dr A. A. Erokhin, Eng. I. I. Pirch
210 _aΜ.
_cUSSR Nat. welding comm.
_d1980
215 _a16 с.
_cграф.
_d20 см
225 1 _aDocument
_fIntern. inst. of welding (IIW). Sstudy group 212
_v212-80
320 _aБиблиогр.: с. 9-10
606 _aДуговая электросварка
_2nlr_sh1
686 _aК641.51
_2rubbk
686 _aТт-м-454
_2rubbk
700 1 _9z01790
_aErochin
_bA. A.
_gAndrej Aleksandrovič
_4070
701 1 _9z02790
_aPirč
_bI. I.
_4070
790 1 _9z01700
_aErokhin
_bA. A.
_4070
790 1 _9z02701
_aPirch
_bI. I.
_4070
801 1 _aRU
_bNLR
_c20101001
801 0 _aRU
_bNLR
_gPSBO
852 _aNLR
_jТ37 Д-4/112
942 _cBOOK
980 _aNB